16-Letter Word Slot Machine Quiz Stats

Quiz Updated Mar 15, 2013

Challenge
Share
Tweet
Other words may be possible to form, but only the most common 16-letter words on all of Google Books are listed. The number beside the answer is the word's rank among all English words.
Score 0/120 Timer 16:00
8 Plays Today
Head Answer % Correct
Letters 1-4✔ 
92.2%
Letters 5-8✔ 
92.2%
Letters 9-12✔ 
92.2%
Letters 13-16✔ 
92.2%
AnswersACKNOWLEDGEMENTS
92.1%
Letters 1-4✔ 
81.9%
Letters 5-8✔ 
81.9%
Letters 9-12✔ 
81.9%
Letters 13-16✔ 
81.9%
AnswersAUTOBIOGRAPHICAL
81.8%
Letters 1-4✔ 
77.1%
Letters 5-8✔ 
77.1%
Letters 9-12✔ 
77.1%
Letters 13-16✔ 
77.1%
AnswersAUTHORITARIANISM
77.1%
Letters 1-4✔ 
75.6%
Letters 5-8✔ 
75.6%
Letters 9-12✔ 
75.6%
Letters 13-16✔ 
75.6%
AnswersCHARACTERIZATION
75.6%
Letters 1-4✔ 
74.3%
Letters 5-8✔ 
74.3%
Letters 9-12✔ 
74.3%
Letters 13-16✔ 
74.3%
AnswersMULTICULTURALISM
74.3%
Letters 1-4✔ 
74.2%
Letters 5-8✔ 
74.2%
Letters 9-12✔ 
74.2%
Letters 13-16✔ 
74.2%
AnswersCONSTITUTIONALLY
74.2%
Letters 1-4✔ 
72.1%
Letters 5-8✔ 
72.1%
Letters 9-12✔ 
72.1%
Letters 13-16✔ 
72.1%
AnswersTRANSFORMATIONAL
72%
Letters 1-4✔ 
71.9%
Letters 5-8✔ 
71.9%
Letters 9-12✔ 
71.9%
Letters 13-16✔ 
71.9%
AnswersHYPERSENSITIVITY
71.8%
Head Answer % Correct
Letters 1-4✔ 
71.5%
Letters 5-8✔ 
71.5%
Letters 9-12✔ 
71.5%
Letters 13-16✔ 
71.5%
AnswersMULTIDIMENSIONAL
71.4%
Letters 1-4✔ 
70.8%
Letters 5-8✔ 
70.8%
Letters 9-12✔ 
70.8%
Letters 13-16✔ 
70.8%
AnswersGASTROINTESTINAL
70.7%
Letters 1-4✔ 
70.3%
Letters 5-8✔ 
70.3%
Letters 9-12✔ 
70.3%
Letters 13-16✔ 
70.3%
AnswersMISUNDERSTANDING
70.3%
Letters 1-4✔ 
69.7%
Letters 5-8✔ 
69.7%
Letters 9-12✔ 
69.7%
Letters 13-16✔ 
69.7%
AnswersUNCONSTITUTIONAL
69.7%
Letters 1-4✔ 
68.9%
Letters 5-8✔ 
68.9%
Letters 9-12✔ 
68.9%
Letters 13-16✔ 
68.9%
AnswersREPRESENTATIONAL
68.8%
Letters 1-4✔ 
68.3%
Letters 5-8✔ 
68.3%
Letters 9-12✔ 
68.3%
Letters 13-16✔ 
68.3%
AnswersRESPONSIBILITIES
68.2%
Letters 1-4✔ 
65.5%
Letters 5-8✔ 
65.5%
Letters 9-12✔ 
65.5%
Letters 13-16✔ 
65.5%
AnswersINTERNATIONALISM
65.5%
Letters 1-4✔ 
65.2%
Letters 5-8✔ 
65.2%
Letters 9-12✔ 
65.2%
Letters 13-16✔ 
65.2%
AnswersINCOMPREHENSIBLE
65.1%
Head Answer % Correct
Letters 1-4✔ 
62.4%
Letters 5-8✔ 
62.4%
Letters 9-12✔ 
62.4%
Letters 13-16✔ 
62.4%
AnswersENTHUSIASTICALLY
62.3%
Letters 1-4✔ 
60.5%
Letters 5-8✔ 
60.5%
Letters 9-12✔ 
60.5%
Letters 13-16✔ 
60.5%
AnswersPHENOMENOLOGICAL
60.4%
Letters 1-4✔ 
59.7%
Letters 5-8✔ 
59.7%
Letters 9-12✔ 
59.7%
Letters 13-16✔ 
59.7%
AnswersIMMUNODEFICIENCY
59.6%
Letters 1-4✔ 
57.6%
Letters 5-8✔ 
57.6%
Letters 9-12✔ 
57.6%
Letters 13-16✔ 
57.6%
AnswersUNDIFFERENTIATED
57.6%
Letters 1-4✔ 
57.5%
Letters 5-8✔ 
57.5%
Letters 9-12✔ 
57.5%
Letters 13-16✔ 
57.5%
AnswersDISPROPORTIONATE
57.4%
Letters 1-4✔ 
53.8%
Letters 5-8✔ 
53.8%
Letters 9-12✔ 
53.8%
Letters 13-16✔ 
53.8%
AnswersENTREPRENEURSHIP
53.7%
Letters 1-4✔ 
52.1%
Letters 5-8✔ 
52.1%
Letters 9-12✔ 
52.1%
Letters 13-16✔ 
52.1%
AnswersDECENTRALIZATION
52.1%
Letters 1-4✔ 
51.9%
Letters 5-8✔ 
51.9%
Letters 9-12✔ 
51.9%
Letters 13-16✔ 
51.9%
AnswersINDISCRIMINATELY
51.9%

You're not logged in!

Compare scores with friends on all Sporcle quizzes.
Join for Free
OR
Log In

You Might Also Like...

Show Comments

Extras

Top Quizzes Today


Score Distribution

Your Account Isn't Verified!

In order to create a playlist on Sporcle, you need to verify the email address you used during registration. Go to your Sporcle Settings to finish the process.

Report this User

Report this user for behavior that violates our Community Guidelines.

Details: